Sports Quiz

Random Sports or College Quiz

NFL Alma Maters Quiz Stats

 Plays Quiz Updated May 2, 2019

Score 0/50 Timer 07:00
2 Plays Today
NFL Player College % Correct
Eddie GeorgeOhio State
85.3%
Randy MossMarshall
84.6%
Charles WoodsonMichigan
81.8%
Drew BreesPurdue
76.4%
Bo JacksonAuburn
65.4%
Dan MarinoPittsburgh
64.1%
Brian UrlacherNew Mexico
64%
Reggie WayneMiami (FL)
59.9%
Ty DetmerBYU
55.9%
Kerry CollinsPenn State
54%
Roger StaubachNavy
53.8%
Marion BarberMinnesota
50.4%
Steve McNairAlcorn State
49.8%
Chad JohnsonOregon State
49.1%
Drew BledsoeWashington State
48.6%
DeAngelo WilliamsMemphis
47.9%
Andre WareHouston
44.7%
Tony GonzalezCal
44.7%
Priest HolmesTexas
44.4%
Tony RomoEastern Illinois
43%
Ronde BarberVirginia
41.9%
Dallas ClarkIowa
40.2%
Thurman ThomasOklahoma State
37.4%
DeMarcus WareTroy
37.3%
Terence NewmanKansas State
37.1%
NFL Player College % Correct
Matt HasselbeckBoston College
36.4%
Albert HaynesworthTennessee
35.4%
Kurt WarnerNorthern Iowa
33.4%
Terrell OwensTennessee-Chattanooga
33%
Laveranues ColesFlorida State
32.8%
Jeff GeorgeIllinois
31%
Steve SmithUtah
30.6%
DeMeco RyansAlabama
29.4%
Tony BoselliUSC
28.9%
Zach ThomasTexas Tech
27.4%
Michael TurnerNorthern Illinois
24.9%
Marc BulgerWest Virginia
23.5%
Warren MoonWashington
23.3%
Irving FryarNebraska
22.3%
Todd HeapArizona State
22%
Gale SayersKansas
21.9%
Mike SingletaryBaylor
19.8%
Marcellus WileyColumbia
18.7%
Andre RisonMichigan State
17.1%
Greg EllisNorth Carolina
16.7%
Trent GreenIndiana
13.6%
Fran TarkentonGeorgia
11.8%
Eric MouldsMississippi State
9.9%
Steve AtwaterArkansas
7.4%
Y.A. TittleLSU
6.1%

You're not logged in!

Compare scores with friends on all Sporcle quizzes.
OR
Log In

Sporcle TV

Today on Sporcle TV


Watch our educational content, quiz creation guides, and fun videos on Sporcle TV.

Show Comments

Extras

Top Quizzes Today


Score Distribution

Your Account Isn't Verified!

In order to create a playlist on Sporcle, you need to verify the email address you used during registration. Go to your Sporcle Settings to finish the process.

Report this User

Report this user for behavior that violates our Community Guidelines.

Details: